[Event "Sparta ESPPEP-ch op 13th"]
[Site "Sparta"]
[Date "2017.04.01"]
[Round "2.6"]
[White "Dimitropoulos, Vasilios"]
[Black "Petsetidis, Dimitrios"]
[Result "1-0"]
[WhiteElo "1712"]
[BlackElo "1337"]
[PlyCount "83"]
[EventDate "2017.03.31"]
[EventType "swiss"]
[EventRounds "5"]
[EventCountry "GRE"]
[SourceTitle "EXT 2024"]
[Source "ChessBase"]
[SourceDate "2023.10.10"]
[SourceVersion "1"]
[SourceVersionDate "2023.10.10"]
[SourceQuality "1"]

1. d4 Nf6 2. Nf3 g6 3. Nc3 c6 4. Bg5 h6 5. Bf4 Bg7 6. e4 Nh5 7. Be3 d6 8. Qd2 Nd7 9. Bc4 Nb6 10. Bb3 Bd7 11. 0-0 Bg4 12. Ne1 Qc7 13. h3 Bd7 14. a4 a5 15. f4 f5 16. Nf3 Ng3 17. Rfe1 Nxe4 18. Nxe4 fxe4 19. Nh4 d5 20. Nxg6 Rg8 21. Ne5 Bxe5 22. fxe5 Bxh3 23. Re2 Bg4 24. Rf2 e6 25. Raf1 Bf5 26. Rf4 h5 27. Rh4 Qh7 28. Bg5 Qg6 29. Bf4 e3 30. Bxe3 Be4 31. Rh2 Rf8 32. Rxf8+ Kxf8 33. Bh6+ Kg8 34. c3 Kh7 35. Bd1 Rg8 36. Bf4 Qxg2+ 37. Rxg2 Rxg2+ 38. Qxg2 Bxg2 39. Kxg2 Nc4 40. b3 Nb2 41. Bc2+ Kg7 42. Bc1 1-0